000 00813nam a2200241Ia 4500
003 OSt
005 20220918204517.0
006 a|||||r|||| 00| 0
007 ta
008 220917b |||||||| |||| 00| 0 eng d
024 _a113,037
037 _cTextual
040 _aARTS
_cARTS
_beng
041 _2eng
_aeng
082 _aV55:1:N3, 113K2.3
100 _aKrill Hans-Heinz
_9112231
245 0 _aDie Rankerenaissance Max Lenz und Erich Marcks
_b ein beitrag zum historisch-politischen denken in Deutschland 1880-1935
260 _c1962
490 _aVeroffentlichungen der Berliner historischen kommission bein friedrich meinecke-Institute der Freien universitat Berlin; 3
650 _aHISTORY
942 _hV55:1:N3, 113K2.3
_cTEXL
_2CC
999 _c236371
_d236371